000 00615nam a2200229 a 4500
999 _c4774
_d4774
001 4774
003 BD-JhCC
005 20171206165558.0
008 171203s1957 newa|||| |||| 001 0 eng d
035 _a(BD-JhCC)
040 _aBD-JhCC
_dBD-JhCC
041 _aeng
082 _a910
_bPOU 1957
100 _aPounds, Norman J. G.
245 _aBeyond the oceans /
_cNorman J. G. Pounds : Emlya D. Jones
260 _aNew York :
_bRand Mcnally & com,
_c1957
300 _a471 p. :
_bill. ;
_c24cm.
650 _a`Geography
_xStudy and teaching
700 _aD. Jones, Emlya
942 _2ddc
_cBK